[Event "PUR-ch (Women)"]
[Site "Guaynabo"]
[Date "2020.03.07"]
[Round "3"]
[White "Diaz Acevedo, Isis N"]
[Black "Maldonado Polo, Mariangeli"]
[Result "1-0"]
[WhiteElo "1582"]
[BlackElo "1266"]
[PlyCount "49"]
[EventDate "2020.03.06"]
[EventType "swiss"]
[EventRounds "5"]
[EventCountry "PUR"]
[SourceTitle "CBM 195 Extra"]
[Source "ChessBase"]
[SourceDate "2020.05.31"]
[SourceVersion "1"]
[SourceVersionDate "2020.05.31"]
[SourceQuality "1"]

1. d4 Nf6 2. c4 e6 3. Nc3 d5 4. Bg5 Be7 5. Nf3 Nbd7 6. e3 b6 7. Be2 Bb7 8. 0-0 Rc8 9. Rc1 c5 10. cxd5 Nxd5 11. Bxe7 Qxe7 12. dxc5 Nxc5 13. Ne5 Nxc3 14. Rxc3 Qg5 15. Bb5+ Ke7 16. Nf3 Bxf3 17. Qxf3 Qe5 18. Rfc1 Qb8 19. Qg3 Ne4 20. Rc7+ Rxc7 21. Rxc7+ Kf8 22. Qf4 Nf6 23. Qd6+ Kg8 24. Qc6 Qd8 25. Rc8 1-0

[Event "PUR-ch (Women)"]
[Site "Guaynabo"]
[Date "2020.03.07"]
[Round "2"]
[White "Morales Santos, Natasha"]
[Black "Diaz Acevedo, Isis N"]
[Result "1-0"]
[WhiteElo "1957"]
[BlackElo "1582"]
[PlyCount "87"]
[EventDate "2020.03.06"]
[EventType "swiss"]
[EventRounds "5"]
[EventCountry "PUR"]
[SourceTitle "CBM 195 Extra"]
[Source "ChessBase"]
[SourceDate "2020.05.31"]
[SourceVersion "1"]
[SourceVersionDate "2020.05.31"]
[SourceQuality "1"]

1. d4 d5 2. c4 c6 3. Nc3 Nf6 4. Nf3 a6 5. cxd5 cxd5 6. Bg5 e6 7. e3 Bd6 8. Bd3 Nbd7 9. 0-0 0-0 10. Rc1 h6 11. Bh4 b5 12. a3 Qa5 13. e4 dxe4 14. Nxe4 Nxe4 15. Bxe4 Rb8 16. d5 Bf4 17. dxe6 fxe6 18. Rxc8 Rbxc8 19. Qxd7 Qb6 20. Bb1 Rc7 21. Qd3 g5 22. Bg3 Bxg3 23. hxg3 Rg7 24. Qe4 h5 25. Nxg5 Rf6 26. Nxe6 Qxe6 27. Qxe6+ Rxe6 28. Ba2 Rge7 29. Re1 Kf7 30. Rxe6 Rxe6 31. f4 Kf6 32. Bxe6 Kxe6 33. Kf2 Kf5 34. Kf3 a5 35. b3 b4 36. a4 Kg6 37. g4 h4 38. Ke4 Kf6 39. g5+ Kg6 40. Ke5 Kf7 41. f5 Ke7 42. g6 Kf8 43. Kf6 Kg8 44. g7 1-0

[Event "PUR-ch (Women)"]
[Site "Guaynabo"]
[Date "2019.10.13"]
[Round "4"]
[White "Morales Santos, Natasha"]
[Black "Diaz Acevedo, Isis N"]
[Result "1-0"]
[WhiteElo "1949"]
[BlackElo "1583"]
[PlyCount "77"]
[EventDate "2019.10.11"]
[EventType "swiss"]
[EventRounds "5"]
[EventCountry "PUR"]
[SourceTitle "CBM 195 Extra"]
[Source "ChessBase"]
[SourceDate "2020.05.31"]
[SourceVersion "1"]
[SourceVersionDate "2020.05.31"]
[SourceQuality "1"]

1. d4 d5 2. c4 c6 3. Nc3 Nf6 4. Bg5 Bf5 5. e3 e6 6. Nf3 Nbd7 7. Be2 Be7 8. 0-0 0-0 9. Bf4 c5 10. cxd5 cxd4 11. Nxd4 Nc5 12. Nxf5 exf5 13. d6 Nce4 14. dxe7 Qxe7 15. Nxe4 Nxe4 16. Qd5 g6 17. Qe5 Qxe5 18. Bxe5 Rfd8 19. Rfd1 Nc5 20. Rxd8+ Rxd8 21. Rd1 Rxd1+ 22. Bxd1 Nd3 23. Bd4 b6 24. a3 Nc5 25. Bxc5 bxc5 26. Kf1 Kf8 27. Ke2 Ke7 28. Kd3 Kd7 29. Kc4 Kc6 30. Ba4+ Kb6 31. Be8 f6 32. Kd5 a5 33. Ke6 c4 34. Kd5 g5 35. Kxc4 h6 36. Kd5 f4 37. exf4 gxf4 38. Ke4 Kc5 39. Bf7 1-0

[Event "PUR-ch (Women)"]
[Site "Guaynabo"]
[Date "2018.07.07"]
[Round "7"]
[White "Diaz Acevedo, Isis N"]
[Black "Maldonado Polo, Mariangeli"]
[Result "1-0"]
[WhiteElo "1462"]
[BlackElo "1248"]
[PlyCount "73"]
[EventDate "2018.06.29"]
[EventType "tourn"]
[EventRounds "10"]
[EventCountry "PUR"]
[SourceTitle "EXT 2019"]
[Source "ChessBase"]
[SourceDate "2018.10.10"]
[SourceVersion "1"]
[SourceVersionDate "2018.10.10"]
[SourceQuality "1"]

1. d4 d5 2. c4 e6 3. Nc3 Nf6 4. Nf3 Bb4 5. Qc2 0-0 6. a3 Bxc3+ 7. Qxc3 Nc6 8. Bf4 Ne4 9. Qc2 Qf6 10. e3 Qe7 11. Bd3 Nf6 12. 0-0 h6 13. Rac1 a6 14. c5 Re8 15. h3 Nd7 16. Bxc7 Nxc5 17. Qxc5 Qxc7 18. Ne5 Bd7 19. b4 Qd8 20. f4 Rc8 21. Qd6 Nxe5 22. Qxe5 Bb5 23. Bxb5 axb5 24. Qh5 Ra8 25. Rc3 Qd7 26. Qe2 b6 27. Rfc1 Rec8 28. Qb2 Kf8 29. Kf2 Ke7 30. R1c2 Rxc3 31. Qxc3 Ra4 32. Ke2 Qa7 33. Qc8 Kf6 34. Rc7 Qa6 35. Qd7 Kf5 36. Qxf7+ Ke4 37. Qxe6# 1-0

[Event "Pan American-ch U14 Girls 27th"]
[Site "Montevideo"]
[Date "2016.07.26"]
[Round "3"]
[White "Loyola Torres, Maria Gracia"]
[Black "Diaz Acevedo, Isis N"]
[Result "1-0"]
[WhiteElo "1440"]
[BlackElo "1483"]
[PlyCount "71"]
[EventDate "2016.07.25"]
[EventType "swiss"]
[EventRounds "9"]
[EventCountry "URU"]
[SourceTitle "EXT 2017"]
[Source "ChessBase"]
[SourceDate "2016.10.25"]
[SourceVersion "1"]
[SourceVersionDate "2016.10.25"]
[SourceQuality "1"]

1. e4 e5 2. Nf3 Nc6 3. Bc4 Bc5 4. c3 Nf6 5. b4 Bb6 6. d3 d6 7. 0-0 0-0 8. a4 a6 9. Nbd2 Be6 10. Bxe6 fxe6 11. Nc4 Ba7 12. Be3 Bxe3 13. fxe3 Qe7 14. b5 Na7 15. bxa6 bxa6 16. Na5 Rab8 17. Rb1 Qd7 18. Qc2 Nc6 19. Nc4 Ne7 20. d4 exd4 21. Nxd4 d5 22. Nd2 Qd6 23. h3 Nc6 24. Qd3 a5 25. Rxb8 Rxb8 26. Nb5 Qe5 27. exd5 exd5 28. Rf5 Qe7 29. Nf3 Rb7 30. c4 dxc4 31. Qxc4+ Qf7 32. Qxc6 Rb8 33. Ne5 Qe7 34. Qc4+ Kh8 35. Kh1 Rc8 36. Nf7+ 1-0